000 00703cam a22001935a 4500
001 L155505
008 120327s1813 xxk f 000 0 eng d
035 _a(Sirsi) u155505
041 0 _aeng
100 1 _aDuncumb, John
_d1765-1839
245 0 0 _aGeneral view of the agriculture of the county of Hereford drawn up for the consideration of the Board of Agriculture and Internal Improvement
260 _aLondon
_bPrinted for Sherwood, Neely, and Jones
_c1813
300 _aviii, 173 p., [1] leaf of plates
_bill.,, map, plans
_c23 cm.
583 _aCondition reviewed
_c20120620
_lcondition level 2
651 4 _aEngland
_y886-
690 _aRural
_96268
710 1 _aBoard of Agriculture
942 _n0
999 _c113616
_d113616